The tropical look : (Record no. 18405)

000 -LEADER
fixed length control field 00517cam a2200181 a 4500
020 ## - INTERNATIONAL STANDARD BOOK NUMBER
ISBN 0881924229
040 ## - CATALOGING SOURCE
Transcribing agency DLC
082 00 - DEWEY DECIMAL CLASSIFICATION NUMBER
Classification number 635 TIM 1998 C144 Or.
100 1# - MAIN ENTRY--AUTHOR NAME
Personal name Riffle, Robert Lee
245 14 - TITLE STATEMENT
Title The tropical look :
Remainder of title an encyclopedia of dramatic landscape plants /
260 ## - PUBLICATION, DISTRIBUTION, ETC. (IMPRINT)
Place of publication Portland, Or. :
Name of publisher Timber Press,
Year of publication c1998
300 ## - PHYSICAL DESCRIPTION
Number of Pages 428 p. :
Other physical details ill. (some col.) ;
Dimensions 29 cm
650 #0 - SUBJECT ADDED ENTRY--TOPICAL TERM
Topical Term Landscape plants
650 #0 - SUBJECT ADDED ENTRY--TOPICAL TERM
Topical Term Tropical plants
650 #0 - SUBJECT ADDED ENTRY--TOPICAL TERM
Topical Term Landscape plants
650 #0 - SUBJECT ADDED ENTRY--TOPICAL TERM
Topical Term Tropical plants
942 ## - ADDED ENTRY ELEMENTS (KOHA)
Koha item type ADB
952 ## - LOCATION AND ITEM INFORMATION (KOHA)
Withdrawn status [LOCAL, KOHA] 0
Holdings
Source of acquisition Permanent Location Date acquired Koha item type Lost status Shelving location Current Location Full call number
A39100Library Block C2019-11-19ADB C144Library Block C635 TIM 1998 C144 Or.
មជ្ឈមណ្ឌលឯការនៃសាកលវិទ្យាល័យភូមិន្ទកសិកម្មចំការដូង

Powered by Koha